000 00997cam a22002774a 4500
001 13921744
003 OSt
005 20150626151837.0
008 050406s2005 nyua b 000 0 eng
010 _a 2005046599
020 _a0060820772
040 _aSEKU
050 0 0 _aRA 781.4
_b.L9 2005
100 1 _aLyon, Daniel.
245 1 4 _aThe complete book of Pilates for men :
_bthe lifetime plan for strength, power, and peak performance
_cDaniel Lyon, Jr. ; illustrations by William A. Arbizu.
250 _a1st ed.
260 _aNew York :
_bReganBooks,
_cc2005.
300 _a338 p. :
_bill.
504 _aIncludes bibliographical references
650 0 _aPilates method.
650 0 _aExercise for men.
650 0 _aPhysical fitness for men.
856 4 2 _3Contributor biographical information
_uhttp://www.loc.gov/catdir/enhancements/fy0910/2005046599-b.html
856 4 2 _3Publisher description
_uhttp://www.loc.gov/catdir/enhancements/fy0910/2005046599-d.html
942 _2lcc
_cGEN
999 _c4441
_d4441